The good research guide / (Record no. 14052)
[ view plain ]
| 000 -LEADER | |
|---|---|
| fixed length control field | 01898nam a2200265 a 4500 |
| 001 - CONTROL NUMBER | |
| control field | ASIN0335220223 |
| 005 - DATE AND TIME OF LATEST TRANSACTION | |
| control field | 20170105102846.0 |
| 008 - FIXED-LENGTH DATA ELEMENTS--GENERAL INFORMATION | |
| fixed length control field | 130815s2007 xxu eng d |
| 020 ## - INTERNATIONAL STANDARD BOOK NUMBER | |
| International Standard Book Number | 0335220223 (paperback) |
| Terms of availability | $57.00 |
| 020 ## - INTERNATIONAL STANDARD BOOK NUMBER | |
| International Standard Book Number | 9780335220229 (paperback) |
| 040 ## - CATALOGING SOURCE | |
| Original cataloging agency | 0 |
| 050 04 - LIBRARY OF CONGRESS CALL NUMBER | |
| Classification number | H61 |
| 082 04 - DEWEY DECIMAL CLASSIFICATION NUMBER | |
| Classification number | 300.72 |
| 100 1# - MAIN ENTRY--PERSONAL NAME | |
| Personal name | Denscombe, Martyn. |
| 245 14 - TITLE STATEMENT | |
| Title | The good research guide / |
| Statement of responsibility, etc. | Martyn Denscombe. |
| 250 ## - EDITION STATEMENT | |
| Edition statement | 3rd ed. |
| 260 ## - PUBLICATION, DISTRIBUTION, ETC. | |
| Place of publication, distribution, etc. | [S.l.] : |
| Name of publisher, distributor, etc. | Open University Press, |
| Date of publication, distribution, etc. | 2007. |
| 300 ## - PHYSICAL DESCRIPTION | |
| Extent | 360 p. ; |
| Dimensions | 23 cm. |
| 520 ## - SUMMARY, ETC. | |
| Summary, etc. | As a best-selling introductory book on the basics of social research, The Good Research Guide provides an accessible yet comprehensive introduction to the main approaches to social research and the methods most commonly used by researchers in the social sciences. This edition has been updated to account for recent developments in the field such as: The emergence of mixed methods approaches Increased use of internet research More frequent use of methods such as triangulation and focus groups Developments in research ethics Written for anyone undertaking a small-scale research project, either as part of an academic course or as part of their professional development, this book provides: A clear, straightforward introduction to data collection methods and data analysis Explanations of the key decisions researchers need to take, with practical advice on how to make appropriate decisions Essential checklists to guide good practice This book is perfect for the first-time researcher looking for guidance on the issues they should consider and traps they should avoid when embarking on a social research project. |
| 650 #0 - SUBJECT ADDED ENTRY--TOPICAL TERM | |
| Topical term or geographic name entry element | Research--Methodology |
| 650 #0 - SUBJECT ADDED ENTRY--TOPICAL TERM | |
| Topical term or geographic name entry element | Social sciences--Methodology |
| 650 #0 - SUBJECT ADDED ENTRY--TOPICAL TERM | |
| Topical term or geographic name entry element | Social sciences--Research |
| 856 40 - ELECTRONIC LOCATION AND ACCESS | |
| Materials specified | Amazon.com |
| Uniform Resource Identifier | <a href="http://www.amazon.com/exec/obidos/ASIN/0335220223/chopaconline-20">http://www.amazon.com/exec/obidos/ASIN/0335220223/chopaconline-20</a> |
| 942 ## - ADDED ENTRY ELEMENTS (KOHA) | |
| Source of classification or shelving scheme | |
| Koha item type | Book |
| Withdrawn status | Lost status | Damaged status | Not for loan | Collection code | Permanent Location | Current Location | Shelving location | Date acquired | Total Checkouts | Full call number | Barcode | Date last seen | Date last checked out | Price effective from | Koha item type |
|---|---|---|---|---|---|---|---|---|---|---|---|---|---|---|---|
| Centre for International Peace & Stability (CIPS) | Centre for International Peace & Stability (CIPS) | General Stacks | 08/15/2013 | 1 | 300.72 DEN 2007 | CIPS0000637 | 05/21/2015 | 01/15/2015 | 08/15/2013 | Book |
